Quick math quiz only a short quiz 5 - Statistics

General Stats
  • This quiz has been taken 29 times
  • The average score is 18 of 20
Answer Stats
Hint Answer % Correct
2 x 9 = 18
100%
10 : 5 = 2
100%
4 : 2 = 2
100%
50 : 10 = 5
100%
126 + 27 = 153
96%
111 + 111 = 222
96%
8 x 8 = 64
96%
45 + 45 = 90
96%
56 + 56 = 112
92%
12 x 12 = 144
92%
78 - 39 = 39
92%
151 - 98 = 53
92%
220 : 4 = 55
92%
99 : 3 = 33
88%
183 x 2 = 366
88%
18 x 7 = 126
84%
13 x 13 = 169
84%
555 : 3 = 185
76%
13 x 15 = 195
76%
13 x 17 = 221
64%
No matching quizzes found
Score Distribution
Percent of People with Each Score
Percentile by Number Answered
Your Score History
You have not taken this quiz